| 000 | 00784nam a22002537a 4500 | ||
|---|---|---|---|
| 001 | 86850 | ||
| 003 | UA-OsUOA | ||
| 005 | 20220516135158.0 | ||
| 007 | ta | ||
| 008 | 20120911b un ||||| |||| 00| 0 ukr d | ||
| 040 |
_aUA-OsUOA _brus _cUA-OsUOA _dUA-OsUOA |
||
| 041 | _arus | ||
| 044 | _aRU | ||
| 080 | _a94(47+57) | ||
| 090 |
_a94(47+57) _bС56 |
||
| 245 |
_aСоветский Союз на международных конференциях периода Великой отечественной войны 1941–1945 гг. _cред. А. Громыко |
||
| 260 | _c1984 | ||
| 300 | _a710 с. | ||
| 505 | _gТ. 5 | ||
| 650 | 7 |
_a94 Історія _2UDC |
|
| 942 |
_cBK _2udc |
||
| 955 | _a1 | ||
| 999 |
_c373020 _d373020 |
||